000 00599nam a22001817a 4500
005 20240222145453.0
010 _aENG-138088
020 _a9789356069176
_c425.00
035 _aEN-121620
037 _bDBAD/PUB
082 _a540
245 _aFoundation Chemistry 2023:
_bContent Based on NCERT Curriculum/
260 _aUttar Pradesh
_bPearson India Education Services Pvt. Ltd.
_c2023
270 _a1st Floor, Berger Tower, Plot No. C-001A/2, Sector 16B
_bNoida (Uttar Pradesh)
_e201301
300 _av.p
_c28cm(pbk)
500 _aFor Class 9th
942 _2ddc
_cEN
_h540
_mFOU
999 _c198267
_d198267